| 000 | 00586nam a22001697a 4500 | ||
|---|---|---|---|
| 005 | 20251108164230.0 | ||
| 008 | 250721s1977 xx 000 0 ara d | ||
| 082 | 1 | 4 | _aم/784.0964/عبد |
| 100 | 1 | _aبن منصور، عبد اللطيف محمد | |
| 245 | 1 | 0 | _aمجموع أزجال و تواشيح و أشعار الموسيقى الأندلسيه المغربيه المعروف بالحائك / |
| 264 | 1 |
_aالرباط : _bمطبعة الريف، _c1977. |
|
| 300 | _a476ص : مص | ||
| 650 | 1 | 7 | _aالأغاني |
| 650 | 1 | 7 | _aالمغرب |
| 942 |
_2ddc _cREF |
||
| 999 |
_c6992 _d6992 |
||